| 000 | 00581nam a2200169 4500 | ||
|---|---|---|---|
| 001 | 139164 | ||
| 003 | ES-MaACL | ||
| 005 | 20230906195721.0 | ||
| 007 | t| | ||
| 008 | 070214s1963 sp r ||||1| spa d | ||
| 100 | 1 |
_aScailteur, Camille. _9104128 |
|
| 245 | 1 | 3 |
_aEl deber fiscal / _cCamille Scailteur ; traducción de José Luis de Juan y Peñalosa. |
| 260 |
_aSalamanca : _bAnuario de Derecho y Economía de la Hacienda Pública, _c1963 ( _fCervantes) |
||
| 300 |
_a135 p. ; _c23 cm. |
||
| 700 | 1 |
_aJuan y Peñalosa, José Luis de. _967138 |
|
| 852 |
_aES-MaACL _jC-23308 _bR.51965 |
||
| 999 |
_c139164 _d139164 |
||